000 00247nam a22001097a 4500
008 180806b xxu||||| |||| 00| 0 eng d
082 _a813.52
245 _aAnimals Two by Two
_cLHS
300 _a1
_fCD
440 _x9781598216462
942 _2ddc
_cMX
999 _c46801
_d46801